| 000 | 00800nam a2200217 a 4500 | ||
|---|---|---|---|
| 001 | 74102 | ||
| 003 | BD-RjUL | ||
| 005 | 20211209082508.0 | ||
| 008 | 180226s1968 bg ||||| |||| 00| 0 ben d | ||
| 035 | _a(BD-RjUL)74320 | ||
| 040 |
_aBD-RjUL _bben _cBD-RjUL _dBD-RjUL |
||
| 041 | _aben | ||
| 082 |
_223 _a891.443 _bJAB 1968 |
||
| 100 | 1 |
_aজয়েনউদদীন, সরদার _9135503 |
|
| 245 | 1 | 0 |
_aবেগম শেফালী মীর্জা / _cসরদার জয়েনউদদীন |
| 260 |
_aঢাকা : _bসাইনিং বুক এজেন্সী, _c১৯৬৮ |
||
| 300 |
_a[৬], ১৭২ পৃ. ; _c২১ সেমি. |
||
| 650 |
_aবাংলা উপন্যাস _9135504 |
||
| 650 |
_aBengali Fiction _9135505 |
||
| 942 |
_2ddc _cBK |
||
| 999 |
_c74102 _d74102 |
||